[Event "Steyr Landesliga 1516"]
[Site "Austria"]
[Date "2016.04.23"]
[Round "11.5"]
[White "Gutmann, Alois"]
[Black "Lux, Herbert"]
[Result "1-0"]
[WhiteElo "2073"]
[BlackElo "1745"]
[PlyCount "79"]
[EventDate "2015.09.26"]
[EventType "team-tourn"]
[EventRounds "11"]
[EventCountry "AUT"]
[SourceTitle "EXT 2017"]
[Source "ChessBase"]
[SourceDate "2016.10.25"]
[SourceVersion "1"]
[SourceVersionDate "2016.10.25"]
[SourceQuality "1"]
[WhiteTeam "Feldbach Kirchberg"]
[BlackTeam "Spg ISR"]
[WhiteTeamCountry "AUT"]
[BlackTeamCountry "AUT"]

1. Nc3 Nf6 2. e4 d6 3. d4 g6 4. Bc4 Bg7 5. f3 c6 6. Be3 b5 7. Bb3 a5 8. a4 b4 9. Nb1 Ba6 10. Nd2 Nbd7 11. Bc4 Bxc4 12. Nxc4 0-0 13. Ne2 d5 14. Ne5 Nxe5 15. dxe5 Nd7 16. f4 e6 17. Qd2 Nb6 18. b3 Qc7 19. Bc5 Rfd8 20. Qe3 Nd7 21. Bd6 Qa7 22. Qxa7 Rxa7 23. Nd4 Rc8 24. 0-0-0 Rb7 25. Rhe1 c5 26. Nb5 c4 27. Kb1 cxb3 28. cxb3 Nb6 29. Bxb4 Nxa4 30. bxa4 axb4 31. Nd6 Rcb8 32. Nxb7 Rxb7 33. exd5 exd5 34. Rxd5 Bf8 35. Rc1 b3 36. Rc8 Kg7 37. Rb5 Rd7 38. Rbb8 Be7 39. Rxb3 Rd4 40. Rb7 1-0

[Event "Steyr Landesliga 1516"]
[Site "Austria"]
[Date "2015.10.24"]
[Round "3.6"]
[White "Schneeberger, Bernhard"]
[Black "Lux, Herbert"]
[Result "0-1"]
[WhiteElo "1798"]
[BlackElo "1745"]
[PlyCount "96"]
[EventDate "2015.09.26"]
[EventType "team-tourn"]
[EventRounds "11"]
[EventCountry "AUT"]
[SourceTitle "EXT 2017"]
[Source "ChessBase"]
[SourceDate "2016.10.25"]
[SourceVersion "1"]
[SourceVersionDate "2016.10.25"]
[SourceQuality "1"]
[WhiteTeam "Trofaiach Niklasdorf"]
[BlackTeam "Spg ISR"]
[WhiteTeamCountry "AUT"]
[BlackTeamCountry "AUT"]

1. d4 Nf6 2. c4 g6 3. Nc3 Bg7 4. e4 d6 5. f3 c6 6. Be3 Nbd7 7. Bd3 e5 8. Nge2 exd4 9. Nxd4 Ne5 10. Be2 0-0 11. 0-0 Qc7 12. Rc1 a6 13. a4 c5 14. Nc2 Be6 15. Na3 Rad8 16. Qc2 Nc6 17. Rfd1 Nb4 18. Qd2 Nh5 19. Qe1 Qe7 20. Rd2 Nc6 21. Nc2 Ne5 22. Qf1 Nf6 23. Rcd1 Nc6 24. Kh1 Na5 25. Bf4 Ne8 26. e5 Qh4 27. g3 Qe7 28. exd6 Qd7 29. Na1 Nf6 30. g4 Nc6 31. Nb3 b6 32. Qg1 h6 33. a5 bxa5 34. Nxc5 Qc8 35. Nxe6 fxe6 36. Qe3 Kh7 37. Na4 Nd7 38. Bg3 e5 39. Rf1 Nd4 40. Bd3 Qc6 41. Qe4 Qxd6 42. h4 Rfe8 43. h5 Nf8 44. Kg2 Qf6 45. Nc3 Nb3 46. Nd5 Rxd5 47. hxg6+ Kh8 48. Qxd5 Nxd2 0-1